000 00553nam a2200205Ia 4500
003 OSt
005 20220107122559.0
008 130318s9999 xx 000 0 und d
020 _a8173660441
040 _c
082 _a005.268W LAM/W
100 _aLowe-Norris, Alistair G
_97495
245 _aWindows 2000 active directory
260 _bOreilly/Shroff Publishers and Distributors
_aMumbai
_c2000
300 _a621
650 _aACTIVE DIRECTORY
_97496
650 _aWINDOWS 2000
_97497
650 _aWINDOWS ADMINISTRATION
_97498
942 _2ddc
_cBK
999 _c110
_d110